Science Quiz

Random Science or Elements Quiz

Symbol Cryptogram: Elements Quiz Stats

 Plays Quiz Updated Aug 30, 2019

Score 0/10 Timer 10:00
6 Plays Today
Cryptogram Elements % Correct
☷ ◼ ☽ ☵ ☾???
100%
☾ ◐ ☵ ☾???
83.8%
✚ ◯ ☾???
83%
★ ◐ ☾ ☵ ☾???
78.1%
◁ ☵ ☷ ☵ ☾???
77.7%
◼ ☷ ◣ ☵ ☾???
76%
◯ ☵ ☽ ◯ ☾ ◐???
74.9%
▷ ◯ ☾ ✖???
74.2%
✖ ☲ ◥ ☵ ☷ ◯ ☾ ◐???
61.3%
☾ ◯ ☲ ☵ ☾ ◯ ◎ ▶???
40.8%

You're not logged in!

Compare scores with friends on all Sporcle quizzes.
OR
Log In

Sporcle TV

Today on Sporcle TV


Watch our educational content, quiz creation guides, and fun videos on Sporcle TV.

Show Comments

Extras

Top Quizzes Today


Score Distribution

Your Account Isn't Verified!

In order to create a playlist on Sporcle, you need to verify the email address you used during registration. Go to your Sporcle Settings to finish the process.

Report this User

Report this user for behavior that violates our Community Guidelines.

Details: